Pohovor cez Skype – nenechajte si uchmatnúť talent!

Základy dobrého výberu uchádzačov a HR marketingová tvorba zamestnávateľskej značky. Skype rozhovory pri výbere zamestnancov. Ako viesť profesionálny rozhovor cez Skype. Absolvovanie pohovoru bez zbytočných nákladov.

Salvato in:
Dettagli Bibliografici
Autore principale: Brutenič, Ivana
Natura: Capitolo di libro
Lingua:slovacco
Soggetti:
Tags: Aggiungi Tag
Nessun Tag, puoi essere il primo ad aggiungerne!!

MARC

LEADER 00000naa a2200000 4500
001 0221814
005 20230912114909.1
041 0 |a slo 
044 |a SK 
245 1 0 |a Pohovor cez Skype – nenechajte si uchmatnúť talent!  |c Ivana Brutenič 
520 |a Základy dobrého výberu uchádzačov a HR marketingová tvorba zamestnávateľskej značky. Skype rozhovory pri výbere zamestnancov. Ako viesť profesionálny rozhovor cez Skype. Absolvovanie pohovoru bez zbytočných nákladov. 
610 2 0 |a personalistika 
610 2 0 |a organizácia personálna 
610 2 0 |a výber pracovníkov 
610 2 0 |a konkurzy 
610 2 0 |a pohovor 
610 2 0 |a technológie informačné 
610 2 0 |a technológie komunikačné 
100 1 |a Brutenič, Ivana